Visualizzazione normale
Vista MARC
- Ceruti D., Corti M.T., Del Giudice G
di Personal Name
Records bibliografici associati: 1
001 - CONTROL NUMBER
- control field: 62322
003 - CONTROL NUMBER IDENTIFIER
- control field:
005 - DATE AND TIME OF LATEST TRANSACTION
- control field: 20250625150609.0
008 - FIXED-LENGTH DATA ELEMENTS
- fixed length control field: 250625|| aca||aabn | a|a d
040 ## - CATALOGING SOURCE
- Original cataloging agency:
- Transcribing agency:
100 ## - HEADING--PERSONAL NAME
- Personal name: Ceruti D., Corti M.T., Del Giudice G
670 ## - SOURCE DATA FOUND
- Source citation: Work cat.: ()208192: Associazione "A piccoli passi" 62321, Una famiglia solidale., 2002